The Holy Bible: (Record no. 211388)

MARC details
000 -LEADER
fixed length control field 00542nam a22001817a 4500
005 - DATE AND TIME OF LATEST TRANSACTION
control field 20250522163440.0
010 ## - LCCN (DPL NO)
LC control number ENG-144985
020 ## - INTERNATIONAL STANDARD BOOK NUMBER
International Standard Book Number 9789391399955
Terms of availability 599.00
035 ## - SYSTEM CONTROL NUMBER
System control number EN-128517
037 ## - SOURCE OF ACQUISITION
Source of stock number/acquisition DBAD
082 ## - DEWEY DECIMAL CLASSIFICATION NUMBER
Classification number 280.21
Edition number 1
245 ## - TITLE STATEMENT
Title The Holy Bible:
Remainder of title Epistles/
260 ## - PUBLICATION, DISTRIBUTION, ETC. (IMPRINT)
Place of publication, distribution, etc Bengaluru
Name of publisher, distributor, etc ATC Publishers
Date of publication, distribution, etc 2017
270 ## - ADDRESS
Address 9/12-1, 1st Floor, Lloyd's Road Cooke Town
City Bengaluru
Postal code 560005
Electronic mail address admin@atcpublishers.com
300 ## - PHYSICAL DESCRIPTION
Extent 313p
Dimensions 28cm(hb)
500 ## - GENERAL NOTE
General note For Liturgical Use
942 ## - ADDED ENTRY ELEMENTS (KOHA)
Source of classification or shelving scheme Dewey Decimal Classification
Item type English Books
Call number suffix HOL
Classification part 280.21
Holdings
Withdrawn status Lost status Not for loan Collection code Home library Current library Date acquired Source of acquisition Cost, normal purchase price Full call number Barcode Copy number Cost, replacement price Koha item type
    Not For Loan Non-fiction D.B.Act.Division D.B.Act.Division 22/05/2025 Delivery of Books Act Division 599.00 HOL 280.21 EN-128517 1 599.00 English Books

© Delhi Public Library
Hit Counter
free hit counter